01103cam a2200313 a 4500999001900000001000900019003000500028005001700033008004100050010001700091020002600108020002300134035002400157038001600181040003000197050002300227082002600250100003500276245004600311250003200357260003400389300006200423504005100485650004200536700002700578906004500605942001200650952012700662 c478560d47856015862205NUST20180604064937.0090810s2011 njua b 001 0 eng  a 2009032800 a9780470401415 (cloth) a0470401419 (cloth) a(OCoLC)ocn368018840 aSNS Library aDLCcDLCdBTCTAdC#PdDLC00aQD253.2b.S65 201100a547 SOL 2011222bSOL1 aSolomons, T. W. Graham.91088210aOrganic chemistry cT.W. Graham Solomons. a10th ed. bCraig B. Fryhle. aHoboken, NJ :bWiley,cc2011. a1 v. (various pagings) :bill. (chiefly col.) hB.c29 cm. aIncludes bibliographical references and index. 0aChemistry, OrganicvTextbooks.9108831 aFryhle, Craig B.91276 a7bcbccorignewd1eecipf20gy-gencatlg 2ddccBK 00102ddc4070aSNSbSNSd2018-06-04l4o547 SOL 2011 SOLpsns0002531q2021-06-23r2021-02-23s2021-02-23w2018-06-04yBK